000 01083nam a2200241Ia 4500
003 OSt
005 20250711144456.0
008 191128s1990 sp a br 000 f spa d
020 _a8435507084
040 _aCO-JMCR
_cCO-JMCR
041 _aspa
082 0 4 _aN
_bCLIg
100 1 _aCliment, Paco,
_d1945
_eautor
_96587
245 1 3 _aLa gripe de buffalo bill /
_cPaco Climent ; Ilustrado por Angel Esteban
250 _aCuata edición
260 _aMadrid :
_bSusaeta,
_c1990
300 _a120 páginas :
_bilustraciones a blanco y negro ;
_c19 cm.
500 _aIncluye datos biográficos del autor en contraportada
505 _aPresentación -- El óido -- una grave decisión -- encuentro en el tren -- lazarillo a la fuerza -- la conversación -- un nuevo compadre -- el gran espectáculo -- una amarga histria -- la despedida.
520 _aLa gripe de Buffalo bill es fruto de la investigación periodística y la recopilación de datos que realizó Paco Climent en la prensa barcelonesa de finales del siglo XIX.
650 0 4 _aNovela infantil
_91227
942 _2ddc
_cBK
999 _c3293
_d3293